Datos geológico-mineros de las provincias de Zamora y Orense / (Record no. 49217)

MARC details
000 -LEADER
campo de control de longitud fija 00865nam a2200217 i 4500
001 - NÚMERO DE CONTROL
campo de control 49217
003 - IDENTIFICADOR DE NÚMERO DE CONTROL
campo de control ES-MaACL
005 - FECHA Y HORA DE LA ÚLTIMA TRANSACCIÓN
campo de control 20230906161915.0
007 - CAMPO FIJO DE DESCRIPCIÓN FÍSICA--INFORMACIÓN GENERAL
campo de control de longitud fija t|
008 - DATOS DE LONGITUD FIJA--INFORMACIÓN GENERAL
campo de control de longitud fija 030710s1874 sp ||||1| spa d
080 ## - NÚMERO DE LA CLASIFICACIÓN DECIMAL UNIVERSAL
Número de la Clasificación Decimal Universal 55(460.184)
080 ## - NÚMERO DE LA CLASIFICACIÓN DECIMAL UNIVERSAL
Número de la Clasificación Decimal Universal 55(460.117)
100 1# - ENTRADA PRINCIPAL--NOMBRE DE PERSONA
Nombre de persona Cortázar y Larrubia, Daniel de.
9 (RLIN) 40829
245 10 - MENCIÓN DEL TÍTULO
Título Datos geológico-mineros de las provincias de Zamora y Orense /
Mención de responsabilidad, etc. Daniel de Cortázar.
260 ## - PUBLICACIÓN, DISTRIBUCIÓN, ETC.
Lugar de publicación, distribución, etc. Madrid :
Nombre del editor, distribuidor, etc. [s.n.],
Fecha de publicación, distribución, etc. 1874 (
Fabricante Imp. y Fund. de Manuel Tello)
300 ## - DESCRIPCIÓN FÍSICA
Extensión 19 p. ;
Dimensiones 25 cm.
650 #4 - PUNTO DE ACCESO ADICIONAL DE MATERIA--TÉRMINO DE MATERIA
Término de materia o nombre geográfico como elemento de entrada Geología-
Subdivisión geográfica Zamora (Provincia)
9 (RLIN) 155400
650 #4 - PUNTO DE ACCESO ADICIONAL DE MATERIA--TÉRMINO DE MATERIA
Término de materia o nombre geográfico como elemento de entrada Geología-
Subdivisión geográfica Orense (Provincia)
9 (RLIN) 155401
852 4# - LOCALIZACIÓN
Ubicación ES-MaACL
Número de control de estantería T-515-F-8
852 4# - LOCALIZACIÓN
Ubicación ES-MaACL
Número de control de estantería T-1107-F-8
Nota libre - Enc. hol., conservando cub. original
-- - Enc. en un vol. facticio
-- - Legado Federico de Botella y de Hornos
-- - Ded. del autor a Federico de Botella y Hornos
Holdings
Estatus retirado Estado de pérdida Estado de daño No para préstamo Colección Biblioteca de origen Biblioteca actual Ubicación en estantería Fecha de adquisición Fuente de adquisición Total de préstamos Signatura topográfica completa Código de barras Visto por última vez Precio de reemplazo Tipo de ítem Koha
        Colección de folletos Biblioteca del Ateneo de Madrid Biblioteca del Ateneo de Madrid Depósito folletos 08/09/2014     T-1107-F-8 1193034 23/02/2023 23/02/2023 Folleto
        Colección de folletos Biblioteca del Ateneo de Madrid Biblioteca del Ateneo de Madrid Depósito folletos 17/01/2008     T-515-F-8 1051792 23/02/2023 23/02/2023 Folleto